Proceso entre don Alonso de Verde Soto vecino de la villa de Martín Muñoz con Doña Lorenza de Montalvo sobre el cumplimiento de la palabra matrimonial

Detalles Bibliográficos
Formato: Libro
Publicado: villa de Martín Muñoz, s.f.
Materias:
Colección:Banco de datos
Acervo:Biblioteca Palafoxiana. Colección de Manuscritos
Descripción Física:37 f. ; 21.5 x 31.5 cm.
Tema general:Eclesiástica
LEADER 00481nam a22001330004500
035 |a 79 
245 1 0 |a Proceso entre don Alonso de Verde Soto vecino de la villa de Martín Muñoz con Doña Lorenza de Montalvo sobre el cumplimiento de la palabra matrimonial 
260 |a villa de Martín Muñoz, s.f. 
300 |a 37 f. ; 21.5 x 31.5 cm. 
650 1 0 |a Eclesiástica 
949 |a 09599/008 
942 |c PALAMANU 
943 |g Biblioteca Palafoxiana. Colección de Manuscritos 
999 |c 1068024  |d 1068024